[Event "TCh-TUR 2011"]
[Site "Konya TUR"]
[Date "2011.07.05"]
[Round "9"]
[White "Dogan, Ali Ekber"]
[Black "Citak, Selim"]
[Result "1/2-1/2"]
[BlackTitle "FM"]
[WhiteElo "2130"]
[BlackElo "2356"]
[WhiteTeam "Yesilkoy Spor Kulubu"]
[BlackTeam "Besiktas Jimnastik Kulubu"]
[WhiteFideId "6304540"]
[BlackFideId "6301819"]
[EventDate "2011.06.28"]

1. d4 Nf6 2. c4 g6 3. g3 Bg7 4. Bg2 d5 5. cxd5 Nxd5 6. e4 Nb6 7. Ne2 c5 8. d5 e6
9. Nbc3 exd5 10. exd5 O-O 11. O-O Na6 12. Bf4 Bf5 13. Be3 g5 14. h3 Nc4 15. Qc1
Nxe3 16. Qxe3 Re8 17. Qd2 Nb4 18. a3 Nc2 19. Rac1 Nd4 20. Nxd4 cxd4 21. Nb5 d3
22. Rfe1 Qf6 23. Nc3 h6 24. Bf1 Qb6 25. Rb1 Bd4 26. Bg2 Qb3 27. Rbc1 Rxe1+ 28.
Rxe1 Qc2 29. Rd1 Rc8 30. d6 Qxd2 31. Rxd2 Bxc3 32. bxc3 Rd8 33. g4 Bg6 34. Bxb7
Rxd6 35. f3 f5 36. c4 f4 37. c5 Rd4 38. Ba6 Ra4 39. Bxd3 Rd4 40. c6 Bxd3 41. c7
Rc4 1/2-1/2

[Event "TCh-TUR 2011"]
[Site "Konya TUR"]
[Date "2011.07.05"]
[Round "9"]
[White "Tanrikulu, Erhan"]
[Black "Afyoncu, Omer"]
[Result "1-0"]
[WhiteElo "2264"]
[BlackElo "2112"]
[WhiteTeam "Besiktas Jimnastik Kulubu"]
[BlackTeam "Yesilkoy Spor Kulubu"]
[WhiteFideId "6302092"]
[BlackFideId "6305989"]
[EventDate "2011.06.28"]

1. e4 c5 2. Nf3 Nc6 3. c3 Nf6 4. e5 Nd5 5. d4 cxd4 6. cxd4 d6 7. Bc4 e6 8. O-O
Be7 9. Qe2 O-O 10. Nc3 dxe5 11. dxe5 Nxc3 12. bxc3 Qa5 13. Bd3 Rd8 14. Bd2 Qc5
15. Rfe1 Rd7 16. Rad1 a5 17. Ng5 Bxg5 18. Bxg5 Qxc3 19. Qe4 g6 20. Bb5 Qb4 21.
Bc4 Rd4 22. Rxd4 Nxd4 23. Rd1 Nc6 24. Re1 Nd4 25. Rd1 Nc6 26. Bf6 Qf8 27. Bb5
Ne7 28. Rd6 Bd7 29. Rxd7 Nd5 30. h3 Qh6 31. Qf3 Rc8 32. Kh2 Qf8 33. Qg4 Qc5 34.
a4 Nxf6 35. exf6 Qe5+ 36. Qg3 Qxf6 37. Rxb7 Rc3 38. Qb8+ Kg7 39. Be8 Rxh3+ 40.
Kxh3 Qf5+ 41. Kg3 Qg5+ 42. Kf3 Qd5+ 43. Ke3 Qc5+ 44. Kd3 Qd5+ 45. Kc3 Qc5+ 46.
Kb3 Qd5+ 47. Ka3 1-0

[Event "TCh-TUR 2011"]
[Site "Konya TUR"]
[Date "2011.07.05"]
[Round "9"]
[White "Yilmazyerli, Mert"]
[Black "Brunello, Marina"]
[Result "1-0"]
[WhiteTitle "FM"]
[BlackTitle "WIM"]
[WhiteElo "2318"]
[BlackElo "2177"]
[WhiteTeam "Besiktas Jimnastik Kulubu"]
[BlackTeam "Yesilkoy Spor Kulubu"]
[WhiteFideId "6305962"]
[BlackFideId "822590"]
[EventDate "2011.06.28"]

1. e4 c5 2. Nc3 d6 3. Nf3 Nf6 4. d4 cxd4 5. Nxd4 a6 6. f4 e6 7. Qf3 Qb6 8. Nb3
Qc7 9. Bd3 b5 10. O-O Bb7 11. a3 Nbd7 12. Be3 Be7 13. Rae1 O-O 14. Qh3 e5 15. g4
exf4 16. Rxf4 Ne5 17. Nd4 Ng6 18. Rf2 d5 19. exd5 Nxd5 20. Nxd5 Bxd5 21. Nf5 Bd8
22. Nxg7 Bh4 23. Nf5 Bxf2+ 24. Bxf2 Rae8 25. Nh6+ Kg7 26. Nf5+ Kg8 27. Nh6+ Kg7
28. Bd4+ f6 29. Nf5+ Kg8 30. Rf1 Nf4 31. Qg3 Ne6 32. Qxc7 Nxc7 33. Bc5 Ne6 34.
Bxf8 Nxf8 35. Ng3 Nd7 36. Nh5 Rf8 37. h3 Be6 38. Kg2 Bf7 39. Ng3 Ne5 40. Be4 Bg6
41. Bd5+ Kg7 42. Nf5+ Bxf5 43. Rxf5 Rd8 44. Bb3 Rd1 45. g5 Nd7 46. gxf6+ Nxf6
47. Rg5+ Kf8 48. Rc5 Rd6 49. Kf3 Kg7 50. a4 bxa4 51. Bxa4 Rd4 52. Bb3 Rd6 53.
Bc4 Nd7 54. Ra5 Rh6 55. Bf1 Rf6+ 56. Kg2 Rg6+ 57. Kh2 Nb8 58. Bd3 Re6 59. Kg3
Rf6 60. Rc5 Rf7 61. Rg5+ Kf8 62. Rh5 Rb7 63. b3 Kg8 64. Rg5+ Kf8 65. Bc4 Rg7 66.
Kf4 Rg6 1-0

[Event "TCh-TUR 2011"]
[Site "Konya TUR"]
[Date "2011.07.05"]
[Round "9"]
[White "Birgelir, Melisa"]
[Black "Alev, Gonulden Seda"]
[Result "1-0"]
[WhiteElo "1735"]
[BlackElo "1605"]
[WhiteTeam "Besiktas Jimnastik Kulubu"]
[BlackTeam "Yesilkoy Spor Kulubu"]
[WhiteFideId "6300308"]
[BlackFideId "6301428"]
[EventDate "2011.06.28"]

1. e4 c5 2. Nf3 d6 3. c3 Nf6 4. h3 Bd7 5. Bd3 Nc6 6. Bc2 e6 7. a3 a5 8. d4 cxd4
9. cxd4 Be7 10. Nc3 O-O 11. O-O Rb8 12. Qd3 Qc8 13. e5 g6 14. exf6 Bxf6 15. Nb5
Be7 16. Bh6 Re8 17. Rac1 e5 18. dxe5 Bxh3 19. gxh3 Qxh3 20. exd6 Qg4+ 21. Kh1
Qh5+ 22. Nh2 Ne5 23. Qd1 Qxh6 24. dxe7 Rxe7 25. f4 Rd7 26. Qe2 Rbd8 27. Rcd1
Rxd1 28. Rxd1 Rxd1+ 29. Bxd1 Qxf4 30. Nc3 Qd4 31. Qe4 Qxe4+ 32. Nxe4 Nd3 33. Bb3
Nxb2 34. Nd6 b6 35. Bxf7+ Kf8 36. Bb3 Kg7 37. Nc4 Nxc4 38. Bxc4 Kf6 39. Nf3 Ke7
40. Bb5 h5 41. a4 Kd6 42. Kg2 Ke6 43. Kg3 Kf5 44. Bd3+ Kf6 45. Kh4 1-0

[Event "TCh-TUR 2011"]
[Site "Konya TUR"]
[Date "2011.07.05"]
[Round "9"]
[White "Ergene, Mertcan"]
[Black "Ali Marandi, Cemil Can"]
[Result "0-1"]
[BlackTitle "FM"]
[WhiteElo "1731"]
[BlackElo "2265"]
[WhiteTeam "Yesilkoy Spor Kulubu"]
[BlackTeam "Besiktas Jimnastik Kulubu"]
[WhiteFideId "6342345"]
[BlackFideId "6300529"]
[EventDate "2011.06.28"]

1. d4 d5 2. Nf3 Nf6 3. Bg5 Ne4 4. Bf4 Bf5 5. c4 e6 6. Qb3 Nc6 7. cxd5 Qxd5 8.
Qxd5 exd5 9. a3 g5 10. Be3 Bg7 11. Nc3 O-O-O 12. g4 Bxg4 13. Rg1 Bxf3 14. exf3
Nxc3 15. bxc3 h6 16. h4 Kb8 17. f4 gxf4 18. Rxg7 fxe3 19. fxe3 Rde8 20. Kd2 Na5
21. Rb1 b6 22. Rxf7 Rhg8 23. Rf3 Rg4 24. Rh3 Nb7 25. c4 dxc4 26. Bxc4 Nd6 27.
Bd5 Rf8 28. Rh2 Rg3 29. Re1 a5 30. a4 Ne8 31. Bh1 Nf6 0-1

[Event "TCh-TUR 2011"]
[Site "Konya TUR"]
[Date "2011.07.05"]
[Round "9"]
[White "Kilicaslan, Hasan"]
[Black "Esen, Baris"]
[Result "0-1"]
[WhiteTitle "IM"]
[BlackTitle "GM"]
[WhiteElo "2250"]
[BlackElo "2553"]
[WhiteTeam "Turk Hava Yollari S.K."]
[BlackTeam "Adana Truva Satranc S.K."]
[WhiteFideId "6300391"]
[BlackFideId "6302114"]
[EventDate "2011.06.28"]

1. d4 c5 2. c3 e6 3. Nf3 Nf6 4. e3 d5 5. Nbd2 Nbd7 6. Bd3 g6 7. O-O Bg7 8. e4
dxe4 9. Nxe4 Nxe4 10. Bxe4 O-O 11. Be3 Qc7 12. Qc1 Nf6 13. Qc2 Nxe4 14. Qxe4
cxd4 15. Bxd4 f6 16. Rfd1 e5 17. Qd5+ Qf7 18. Qxf7+ Rxf7 19. Be3 Bf5 20. Rd2 Rd7
21. Rad1 Rxd2 22. Rxd2 Bf8 23. Ne1 g5 24. f3 h5 25. h3 b6 26. g4 Be6 27. a3 Be7
28. Kg2 Kf7 29. Nd3 e4 30. Nf2 exf3+ 31. Kxf3 Rh8 32. gxh5 Rxh5 33. Kg2 f5 34.
a4 Rh8 35. a5 bxa5 36. Bxa7 Ra8 37. Bb6 a4 38. Bc7 Rc8 39. Be5 Bc4 40. Rd7 0-1

[Event "TCh-TUR 2011"]
[Site "Konya TUR"]
[Date "2011.07.05"]
[Round "9"]
[White "Haznedaroglu, Kivanc"]
[Black "Genc, Cihan Sevinc"]
[Result "1-0"]
[WhiteTitle "GM"]
[WhiteElo "2444"]
[BlackElo "2213"]
[WhiteTeam "Adana Truva Satranc S.K."]
[BlackTeam "Turk Hava Yollari S.K."]
[WhiteFideId "6300634"]
[BlackFideId "6304370"]
[EventDate "2011.06.28"]

1. e4 e6 2. d4 d5 3. Nc3 Bb4 4. e5 c5 5. Bd2 Bxc3 6. Bxc3 cxd4 7. Qxd4 Ne7 8.
Qg4 Nf5 9. Bd3 d4 10. Bd2 O-O 11. Nf3 Nc6 12. O-O Qd5 13. Rfe1 Bd7 14. Qh3 f6
15. Be4 Qc5 16. g4 Nxe5 17. b4 Qd6 18. gxf5 exf5 19. Bxf5 1-0

[Event "TCh-TUR 2011"]
[Site "Konya TUR"]
[Date "2011.07.05"]
[Round "9"]
[White "Yaramis, Hakan"]
[Black "Erdogdu, Mert"]
[Result "0-1"]
[BlackTitle "IM"]
[WhiteElo "2094"]
[BlackElo "2434"]
[WhiteTeam "Turk Hava Yollari S.K."]
[BlackTeam "Adana Truva Satranc S.K."]
[WhiteFideId "6304613"]
[BlackFideId "6301495"]
[EventDate "2011.06.28"]

1. e4 c5 2. Nf3 d6 3. d4 cxd4 4. Qxd4 Nc6 5. Bb5 Bd7 6. Bxc6 Bxc6 7. Nc3 Nf6 8.
Bg5 e6 9. O-O-O Be7 10. Rhe1 O-O 11. Qd3 Qa5 12. Kb1 Rfc8 13. Bf4 d5 14. Nd2
dxe4 15. Ndxe4 Nxe4 16. Nxe4 Rd8 17. Qe3 Rxd1+ 18. Rxd1 Rd8 19. Rxd8+ Qxd8 20.
Nc3 a6 21. f3 h5 22. Qd2 g5 23. Qxd8+ Bxd8 24. Be3 g4 25. fxg4 hxg4 26. g3 e5
27. Kc1 f5 28. Kd2 Kf7 29. Kd3 Bc7 30. Ne2 Be4+ 31. Kd2 b5 32. c3 Bb1 33. a3 Ba2
34. Bc5 Ke6 35. Be3 a5 36. Ng1 f4 37. Bf2 e4 38. gxf4 Bxf4+ 39. Be3 Bxh2 40. Ne2
Ke5 41. Bd4+ Kd5 42. Ke3 Bb1 43. b3 Bc2 44. Nf4+ Kc6 45. b4 a4 46. Be5 Bb1 47.
Bd4 Kd6 48. Bc5+ Ke5 49. Bd4+ Kf5 50. Nd5 g3 51. Kd2 Kg4 52. c4 g2 53. cxb5 g1=Q
54. Bxg1 Bxg1 0-1

[Event "TCh-TUR 2011"]
[Site "Konya TUR"]
[Date "2011.07.05"]
[Round "9"]
[White "Dzagnidze, Nana"]
[Black "Melia, Salome"]
[Result "1/2-1/2"]
[WhiteTitle "GM"]
[BlackTitle "IM"]
[WhiteElo "2557"]
[BlackElo "2444"]
[WhiteTeam "Adana Truva Satranc S.K."]
[BlackTeam "Turk Hava Yollari S.K."]
[WhiteFideId "13601903"]
[BlackFideId "13602446"]
[EventDate "2011.06.28"]

1. d4 d5 2. Nf3 Nf6 3. Bg5 e6 4. e3 Be7 5. Nbd2 O-O 6. Bd3 h6 7. Bh4 c5 8. c3 b6
9. Ne5 Nfd7 10. Bxe7 Qxe7 11. f4 Ba6 12. Bxa6 Nxa6 13. O-O Nc7 14. Qh5 Ne8 15.
Rf3 Nd6 16. g4 Nf6 17. Qh3 Nfe4 18. Nxe4 dxe4 19. Rg3 Rfc8 20. g5 g6 21. gxh6
Kh7 22. Qg2 Nf5 23. Rh3 cxd4 24. exd4 e3 25. Qg5 Rc7 26. Qxe7 Rxe7 27. Ng4 b5
28. Nxe3 Nxe3 29. Rxe3 Kxh6 30. Re5 Rb7 31. a3 Kg7 32. Kg2 Rc8 33. Kg3 a5 34.
Rc5 Rxc5 35. dxc5 a4 36. c4 Rc7 37. b4 axb3 38. cxb5 Rxc5 39. a4 Rc3+ 40. Kf2 b2
41. Rb1 Rb3 42. Ke2 Kf6 43. Kd2 e5 44. Kc2 Rb4 45. Rxb2 Rxa4 46. b6 Ra8 47. b7
Rb8 48. Rb6+ Kf5 49. fxe5 Kxe5 50. Kc3 g5 51. Kc4 f5 52. Kb5 f4 53. Ka6 f3 54.
Ka7 Rxb7+ 55. Kxb7 f2 56. Rb1 Kf4 57. Kc6 Kf3 58. Kd5 Kg2 59. Ke4 f1=Q 60. Rxf1
Kxf1 1/2-1/2

[Event "TCh-TUR 2011"]
[Site "Konya TUR"]
[Date "2011.07.05"]
[Round "9"]
[White "Erbis, Baris"]
[Black "Vovk, Andrey"]
[Result "0-1"]
[BlackTitle "GM"]
[WhiteElo "1933"]
[BlackElo "2545"]
[WhiteTeam "Turk Hava Yollari S.K."]
[BlackTeam "Adana Truva Satranc S.K."]
[WhiteFideId "6305202"]
[BlackFideId "14114470"]
[EventDate "2011.06.28"]

1. e4 c5 2. Nc3 e6 3. g3 Nc6 4. Bg2 g6 5. d3 Bg7 6. f4 d6 7. Nf3 Nge7 8. O-O O-O
9. Be3 Nd4 10. e5 Nef5 11. Bf2 Nxf3+ 12. Qxf3 Nd4 13. Qd1 dxe5 14. fxe5 Bxe5 15.
Ne4 Nf5 16. c3 Qc7 17. Nxc5 h5 18. d4 Bg7 19. Qd3 Rd8 20. Ne4 Bd7 21. h3 Nd6 22.
Nxd6 Qxd6 23. Qe2 Bc6 24. Rfd1 b5 25. Bxc6 Qxc6 26. Be3 Rd5 27. Rd2 Rc8 28. Rf1
b4 29. cxb4 Qd6 30. Qf2 Rf5 31. Bf4 Qxb4 32. g4 Rd5 33. Be3 Rc7 34. gxh5 Rxh5
35. Qg3 Rd7 36. Rf4 Qa5 37. Rh4 Rxh4 38. Qxh4 Qxa2 39. Rc2 Qa6 40. Qe4 Rd5 41.
Kg2 Qb7 42. Kh2 e5 43. Rc8+ Qxc8 44. Qxd5 exd4 0-1

[Event "TCh-TUR 2011"]
[Site "Konya TUR"]
[Date "2011.07.05"]
[Round "9"]
[White "Coban, Mete Sadik"]
[Black "Yargici, Mazhar Kutay"]
[Result "0-1"]
[WhiteElo "1922"]
[BlackElo "1926"]
[WhiteTeam "Adana Truva Satranc S.K."]
[BlackTeam "Turk Hava Yollari S.K."]
[WhiteFideId "6309615"]
[BlackFideId "6310400"]
[EventDate "2011.06.28"]

1. Nf3 d5 2. b4 Nf6 3. Bb2 e6 4. a3 b6 5. b5 c5 6. bxc6 Ba6 7. Ne5 Qc7 8. e3
Bxf1 9. Rxf1 Nxc6 10. f4 Rc8 11. Ng4 Ra8 12. Ne5 Rc8 13. Ng4 Nd7 14. Qf3 f5 15.
Nh6 Nc5 16. g4 Na4 17. gxf5 exf5 18. Nxf5 Nxb2 19. Qxd5 Qd7 20. Nc3 Qxd5 21.
Nxd5 g6 22. Ng3 Nc4 23. a4 Bg7 24. c3 O-O 25. d4 Rcd8 26. e4 Rfe8 27. Nc7 Re7
28. Nb5 a6 29. Na3 Nb2 30. Nc2 Na5 31. e5 Bh6 32. f5 Nd3+ 33. Kd1 Nxe5 34. Nb4
Nac4 35. f6 Re6 36. d5 Ne3+ 37. Ke2 0-1

[Event "TCh-TUR 2011"]
[Site "Konya TUR"]
[Date "2011.07.05"]
[Round "9"]
[White "Yuksel, Atilla Koksal"]
[Black "Ozgur, Emre"]
[Result "1-0"]
[WhiteTitle "CM"]
[WhiteElo "2035"]
[BlackElo "1732"]
[WhiteTeam "Adana Truva Satranc S.K."]
[BlackTeam "Turk Hava Yollari S.K."]
[WhiteFideId "6306667"]
[BlackFideId "6322824"]
[EventDate "2011.06.28"]

1. e4 c5 2. Nf3 g6 3. d4 cxd4 4. Nxd4 Bg7 5. c4 Nc6 6. Be3 d6 7. Nc3 Nf6 8. Be2
O-O 9. O-O Bd7 10. Nc2 Rc8 11. f3 Ne5 12. Na3 Ne8 13. Rc1 f5 14. exf5 Bxf5 15.
Nd5 Nc6 16. Qd2 Nc7 17. Nb5 Nxb5 18. cxb5 e6 19. bxc6 exd5 20. Qxd5+ Kh8 21.
cxb7 Rxc1 22. Rxc1 Qe7 23. Qb3 Rb8 24. Ba6 Qe8 25. Bxa7 Bh6 26. Bxb8 Bxc1 27.
Qc3+ Kg8 28. Bc4+ d5 29. Bxd5+ Be6 30. Bxe6+ Qxe6 31. Qc8+ 1-0

[Event "TCh-TUR 2011"]
[Site "Konya TUR"]
[Date "2011.07.05"]
[Round "9"]
[White "Paichadze, Luka"]
[Black "Ipatov, Alexander ESP"]
[Result "1/2-1/2"]
[WhiteTitle "IM"]
[BlackTitle "IM"]
[WhiteElo "2489"]
[BlackElo "2536"]
[WhiteTeam "Tarsus Zeka Satranc S.K."]
[BlackTeam "Istanbul Teknik Universitesi S.K."]
[WhiteFideId "13602934"]
[BlackFideId "14116731"]
[EventDate "2011.06.28"]

1. e4 b6 2. d4 Bb7 3. Bd3 e6 4. Nf3 Nf6 5. e5 Nd5 6. c3 c5 7. O-O Qc8 8. a3 cxd4
9. cxd4 Ba6 10. Bxa6 Qxa6 11. Nc3 Qc4 12. Ne4 h6 13. Be3 Be7 14. Rc1 Qa6 15. Nc3
Nxe3 16. fxe3 O-O 17. Ne4 Nc6 18. Nfd2 Rac8 19. Qg4 Na5 20. Rxc8 Qxc8 21. Nf6+
Kh8 22. Nde4 d5 23. Nh5 Rg8 24. Nd6 1/2-1/2

[Event "TCh-TUR 2011"]
[Site "Konya TUR"]
[Date "2011.07.05"]
[Round "9"]
[White "Kinsiz, Onur"]
[Black "Arduman, Can"]
[Result "1/2-1/2"]
[BlackTitle "IM"]
[WhiteElo "2184"]
[BlackElo "2349"]
[WhiteTeam "Istanbul Teknik Universitesi S.K."]
[BlackTeam "Tarsus Zeka Satranc S.K."]
[WhiteFideId "6301517"]
[BlackFideId "6300022"]
[EventDate "2011.06.28"]

1. e4 e5 2. Nf3 Nc6 3. Bc4 Bc5 4. c3 Nf6 5. d3 a6 6. Bb3 O-O 7. O-O d6 8. h3 h6
9. Re1 Ba7 10. Nbd2 Re8 11. Nf1 Be6 12. Ng3 d5 13. Qe2 Qd7 14. Nh4 dxe4 15. dxe4
Bxb3 16. axb3 Qe6 17. b4 Ne7 18. Ngf5 Nxf5 19. Nxf5 Kh7 20. Qf3 Ng8 21. Be3 Bxe3
22. Nxe3 Ne7 1/2-1/2

[Event "TCh-TUR 2011"]
[Site "Konya TUR"]
[Date "2011.07.05"]
[Round "9"]
[White "Bayram, Yakup"]
[Black "Deruni, Berc"]
[Result "1-0"]
[WhiteTitle "FM"]
[WhiteElo "2268"]
[BlackElo "2125"]
[WhiteTeam "Tarsus Zeka Satranc S.K."]
[BlackTeam "Istanbul Teknik Universitesi S.K."]
[WhiteFideId "6300677"]
[BlackFideId "6302173"]
[EventDate "2011.06.28"]

1. d4 Nf6 2. Nf3 e6 3. g3 c5 4. c3 Nc6 5. Bg2 d5 6. O-O Be7 7. a3 O-O 8. b4 cxd4
9. cxd4 Ne4 10. Bb2 Nd6 11. Nbd2 a5 12. bxa5 Rxa5 13. Ne5 Qb6 14. Nxc6 Qxc6 15.
Qb1 Rb5 16. Rc1 Qb6 17. Rc2 e5 18. a4 Rb4 19. a5 Qb5 20. Bf1 exd4 21. Qc1 Qd7
22. Rc7 Qd8 23. Ba3 Ra4 24. Bxd6 Rxa1 25. Qxa1 Bxd6 26. Rc2 Bb4 27. Nb3 Bc3 28.
Qa2 Bf5 29. Rc1 Qf6 30. Nc5 Qc6 31. Nd3 Qc4 32. Qb1 Qa6 33. Qb3 Bxd3 34. exd3
Qxa5 35. Qxb7 g6 36. Bg2 Rd8 37. h4 h5 38. Rb1 Qa2 39. Rb6 Qe2 40. Bxd5 Rf8 41.
Rxg6+ Kh8 42. Rf6 Be1 43. Qc7 1-0

[Event "TCh-TUR 2011"]
[Site "Konya TUR"]
[Date "2011.07.05"]
[Round "9"]
[White "Klinova, Masha"]
[Black "Zimina, Olga"]
[Result "1/2-1/2"]
[WhiteTitle "IM"]
[BlackTitle "IM"]
[WhiteElo "2315"]
[BlackElo "2346"]
[WhiteTeam "Istanbul Teknik Universitesi S.K."]
[BlackTeam "Tarsus Zeka Satranc S.K."]
[WhiteFideId "2802015"]
[BlackFideId "4132190"]
[EventDate "2011.06.28"]

1. e4 e5 2. Nf3 Nc6 3. Bc4 Bc5 4. d3 Nf6 5. O-O O-O 6. Bb3 d5 7. Nbd2 a6 8. h3
h6 9. exd5 Nxd5 10. Nc4 Re8 11. Re1 f6 12. Bd2 Be6 13. Ne3 Qd7 14. Nxd5 Bxd5 15.
Qe2 Rad8 16. Bc3 Qf7 17. Rad1 Bxb3 18. axb3 Nd4 19. Bxd4 Bxd4 1/2-1/2

[Event "TCh-TUR 2011"]
[Site "Konya TUR"]
[Date "2011.07.05"]
[Round "9"]
[White "Gaygusuzoglu, Gokhan"]
[Black "Yilmaz, Mustafa"]
[Result "0-1"]
[BlackTitle "IM"]
[WhiteElo "1900"]
[BlackElo "2489"]
[WhiteTeam "Tarsus Zeka Satranc S.K."]
[BlackTeam "Istanbul Teknik Universitesi S.K."]
[WhiteFideId "6306284"]
[BlackFideId "6302718"]
[EventDate "2011.06.28"]

1. e4 b6 2. c4 Bb7 3. Nc3 e6 4. d4 Bb4 5. Qc2 Bxc3+ 6. bxc3 d6 7. Nf3 Nd7 8. Bd3
Ne7 9. Ba3 Ng6 10. c5 dxc5 11. dxc5 Nxc5 12. Bxc5 bxc5 13. Bb5+ c6 14. Bc4 Qa5
15. O-O O-O 16. Rfd1 Rad8 17. h4 h6 18. g3 Ne7 19. Rxd8 Rxd8 20. Rd1 Nc8 21.
Rxd8+ Qxd8 22. Ne5 Nb6 23. Bb3 Qc7 24. f4 Ba6 25. a4 c4 26. Ba2 Qd6 27. Kg2 f6
28. Nf3 Qa3 29. Qd2 Nxa4 30. Bb1 Qe7 31. e5 f5 32. Nd4 Qd7 33. Qa2 Bb7 34. Kh3
Nxc3 35. Qxc4 Nxb1 36. Nxe6 Qd5 37. Qc1 Qxe6 38. Qxb1 Bc8 0-1

[Event "TCh-TUR 2011"]
[Site "Konya TUR"]
[Date "2011.07.05"]
[Round "9"]
[White "Tulay, Seray"]
[Black "Ozturk, Hilal"]
[Result "1-0"]
[WhiteElo "1778"]
[BlackElo "1765"]
[WhiteTeam "Tarsus Zeka Satranc S.K."]
[BlackTeam "Istanbul Teknik Universitesi S.K."]
[WhiteFideId "6307787"]
[BlackFideId "6315330"]
[EventDate "2011.06.28"]

1. e4 e5 2. Nf3 Nc6 3. Bb5 a6 4. Ba4 Nf6 5. O-O Be7 6. Re1 b5 7. Bb3 d6 8. c3
O-O 9. h3 Na5 10. Bc2 c5 11. d4 Qc7 12. d5 Bd7 13. b3 Nb7 14. Nbd2 g6 15. g4
Rfc8 16. Nf1 c4 17. Bd2 a5 18. Ng3 b4 19. Rc1 bxc3 20. Bxc3 cxb3 21. Bxb3 a4 22.
Bd2 Qb6 23. Rxc8+ Bxc8 24. Bxa4 Nc5 25. Bb3 Nd3 26. Be3 Qb5 27. Re2 Nf4 28. Bxf4
exf4 29. Nf1 Ba6 30. Re1 Bd8 31. Nd4 Qe8 32. Qc2 Ba5 33. Nd2 Rc8 34. Qd1 Rc3 35.
Kh2 Bb6 36. Ne2 Rd3 37. Bc2 Ra3 38. Kg2 Ba5 39. Nxf4 Qe5 40. Ne2 Bxd2 41. Qxd2
Nxe4 42. Qb4 Rxa2 43. Nd4 Bd3 44. Nc6 Qf6 45. Rxe4 Rxc2 46. Rf4 Qh4 47. Rf3 Be2
48. Rg3 Bc4 49. Qxd6 Rc1 50. Ne7+ Kg7 51. Nf5+ 1-0

[Event "TCh-TUR 2011"]
[Site "Konya TUR"]
[Date "2011.07.05"]
[Round "9"]
[White "Sanal, Vahap"]
[Black "Benzetsel, Ekim"]
[Result "1-0"]
[WhiteTitle "CM"]
[WhiteElo "2210"]
[BlackElo "1778"]
[WhiteTeam "Istanbul Teknik Universitesi S.K."]
[BlackTeam "Tarsus Zeka Satranc S.K."]
[WhiteFideId "6300545"]
[BlackFideId "6332749"]
[EventDate "2011.06.28"]

1. e4 e5 2. Nf3 Nc6 3. Bb5 a6 4. Ba4 Nf6 5. O-O Be7 6. Bxc6 dxc6 7. d3 Nd7 8.
Nbd2 O-O 9. Nc4 f6 10. Nh4 Nc5 11. Nf5 Bxf5 12. exf5 Qd7 13. Qg4 Rfe8 14. Re1
Rad8 15. b3 Bd6 16. Bb2 Qf7 17. Re3 Nd7 18. Rae1 Bc5 19. Rh3 Bd4 20. Qh4 Nf8 21.
Ba3 h6 22. Re4 Nh7 23. Bc1 b5 24. Nd2 Ng5 25. Rg3 Bc3 26. Nb1 Nxe4 27. Qxe4 Rd4
28. Qxc6 Bb4 29. c3 Rd6 30. Qe4 Qh5 31. Qe1 Bc5 32. Nd2 Bb6 33. Ne4 Rc6 34. h3
Kh7 35. Rf3 a5 36. g4 Qf7 37. h4 Kg8 38. g5 hxg5 39. hxg5 fxg5 40. Bxg5 Qh5 41.
Qd1 Kf7 42. f6 Rh8 43. Kf1 g6 44. Ke2 Qg4 45. Bc1 b4 46. c4 Kf8 47. Kd2 Rh2 48.
Kc2 Qg2 49. Rg3 Qh1 50. Rg1 Qxg1 51. Qxg1 1-0

[Event "TCh-TUR 2011"]
[Site "Konya TUR"]
[Date "2011.07.05"]
[Round "9"]
[White "Galkin, Alexander"]
[Black "Mamedov, Nidjat"]
[Result "1/2-1/2"]
[WhiteTitle "GM"]
[BlackTitle "GM"]
[WhiteElo "2598"]
[BlackElo "2587"]
[WhiteTeam "Celikkol Turizm Pamukkale Universitesi S.K."]
[BlackTeam "Mersin Ezgi Satranc Kulubu"]
[WhiteFideId "4120426"]
[BlackFideId "13400819"]
[EventDate "2011.06.28"]

1. Nf3 Nf6 2. d4 g6 3. g3 Bg7 4. Bg2 O-O 5. O-O d6 6. Re1 Ne4 7. Nbd2 Nxd2 8.
Bxd2 c5 9. c3 Qb6 10. dxc5 dxc5 11. Qa4 Nc6 12. b3 Rd8 13. Rac1 1/2-1/2

[Event "TCh-TUR 2011"]
[Site "Konya TUR"]
[Date "2011.07.05"]
[Round "9"]
[White "Mirzoev, Azer"]
[Black "Odeev, Handszar"]
[Result "1-0"]
[WhiteTitle "GM"]
[BlackTitle "GM"]
[WhiteElo "2481"]
[BlackElo "2405"]
[WhiteTeam "Mersin Ezgi Satranc Kulubu"]
[BlackTeam "Celikkol Turizm Pamukkale Universitesi S.K."]
[WhiteFideId "13400304"]
[BlackFideId "14000091"]
[EventDate "2011.06.28"]

1. d4 Nf6 2. Nf3 g6 3. g3 Bg7 4. Bg2 O-O 5. O-O d5 6. Nbd2 a5 7. c4 Nc6 8. e3
Nb4 9. a3 Nd3 10. cxd5 Nxd5 11. Ne4 Nxc1 12. Rxc1 c6 13. Nc5 Qb6 14. Qe2 Bg4 15.
h3 Bxf3 16. Bxf3 Rfd8 17. Rfd1 e5 18. Rd3 Qa7 19. dxe5 Bxe5 20. Kg2 Ne7 21. Nd7
Bg7 22. Rcd1 Re8 23. Qc2 a4 24. h4 Qa5 25. Nc5 b6 26. Nb7 Qe5 27. Nd6 Qa5 28.
Nb7 Qe5 29. Nd6 Rf8 30. R1d2 Ra7 31. h5 b5 32. Ne4 Rc7 33. Nc5 Qg5 34. hxg6 Nxg6
35. Be2 Ne5 36. Rd6 Ng6 37. R6d3 Ne5 38. Rd6 Qe7 39. Qf5 Re8 40. Rd1 Ng6 41. Qc2
Qe5 42. Na6 Rce7 43. Rxc6 Qxb2 44. Qxb2 Bxb2 45. Bxb5 Rf8 46. Rd2 Bxa3 47. Ra2
Re5 48. Rxa3 Rxb5 49. Rxa4 Kg7 50. Nb4 Rd8 51. Nc2 Ne5 52. Rc7 Rd2 53. Rf4 Rb2
54. Nd4 Kg6 55. Nf5 Nd3 56. Nh4+ Kh5 57. Rf5+ Kh6 58. Rcxf7 Ne1+ 59. Kh3 1-0

[Event "TCh-TUR 2011"]
[Site "Konya TUR"]
[Date "2011.07.05"]
[Round "9"]
[White "Reyhan, Dogan Heval"]
[Black "Sengul, Cengiz"]
[Result "1-0"]
[WhiteTitle "FM"]
[WhiteElo "2343"]
[BlackElo "2225"]
[WhiteTeam "Celikkol Turizm Pamukkale Universitesi S.K."]
[BlackTeam "Mersin Ezgi Satranc Kulubu"]
[WhiteFideId "6301290"]
[BlackFideId "6302785"]
[EventDate "2011.06.28"]

1. e4 e5 2. Nf3 Nc6 3. Ng1 Nb8 4. Nf3 Nc6 5. d4 exd4 6. Nxd4 Bc5 7. Nb3 Bb6 8.
Qe2 d6 9. Nc3 Nge7 10. Be3 O-O 11. O-O-O f5 12. Bxb6 axb6 13. g3 Kh8 14. Bg2 Be6
15. f4 fxe4 16. Bxe4 Bg8 17. Kb1 d5 18. Rhe1 d4 19. Nb5 Ra4 20. c3 Qa8 21. Nxc7
Qa7 22. Nb5 Qa8 23. N5xd4 Rxa2 24. Qb5 Rc8 25. Nc2 Na5 26. Kxa2 Bxb3+ 27. Kb1
Nec6 28. Rd7 Re8 29. Qg5 Bxc2+ 30. Kxc2 Nb4+ 31. Kb1 Rg8 32. Qh6 1-0